005070000a220016900045001000020000007000023000207000020000437000027000637000026000902450087001160410013002036500023002166500008002396500017002476500017002647730056002811 aHof, Andries F.1 aBruin, Kelly C. de1 aDellink, Rob B.1 aElzen, Michel G.J. den1 aVuuren, Detlef P. van10aEffect of different mitigation strategies on international financing of adaptation0 aInglés14aCambio climático14aIAM14aEvaluación14aModelación1 tEnvironmental Science and Policyq832-843d2009g12